| 000 | 00560nam a2200205Ia 4500 | ||
|---|---|---|---|
| 008 | 180207s9999 xx 000 0 und d | ||
| 020 | _a9789715115582 | ||
| 050 | _bG261 1997 | ||
| 100 | _aGatmaitan, Luis P. | ||
| 245 | _aSi Baw, si Bo, at si Nognog Niyog / | ||
| 245 | _cby Luis P. Gatmaitan ; illustrated by Raketshop Studio. | ||
| 260 | _aMetro Manila, Philippines : | ||
| 260 | _bOMF Literature Inc., | ||
| 260 | _c1997 | ||
| 300 | _a16 pages : | ||
| 300 | _bchiefly colored ; | ||
| 300 | _c23cm. | ||
| 440 | _aTutubi patrol ; | ||
| 440 | _v4 | ||
| 999 |
_c355797 _d355797 |
||